000 00799nam a2200229 a 4500
001 BRL_1194
005 20190320211057.0
008 261113s1955----nyuao#####---#000-0#eng-#
041 _aeng
044 _anyu
050 4 _aTR6
_b.S74 1955
100 1 _aSteichen, Edwuard
_d1879-1973
_926075
245 1 0 _aThe family of man
_cthe greatest photographic exhibition of all time -503 pictures from 68 countries- created by Edward Steichen for the Museum of Modern Art ; [Prologue by Carl Sandburg]
260 _a[New York]
_bThe Museum of Modern Art
_c1955
300 _a192 p.
_bil.
_c28 cm.
500 _aAu1379
650 1 4 _aFotografía
_vExposiciones
_96834
700 1 _aSandburg, Carl
_epról.
_915989
710 2 _aMuseum of Modern Art (New York, N.Y.)
_96696
902 _aGRL
942 _2lcc
_cB
999 _c10006
_d10006